[Event "DEM U10 2023"]
[Site "Willingen GER"]
[Date "2023.06.02"]
[Round "9"]
[White "Baumann, Simon"]
[Black "Brückner, Julian"]
[Result "1/2-1/2"]
[Termination "normal"]
[Board "16"]
[WhiteElo "1423"]
[BlackElo "1681"]
[WhiteClock "00:17:13"]
[BlackClock "00:15:19"]
[PlyCount "152"]
[WhiteFideId "34643664"]
[BlackFideId "34630031"]
[EventCountry "GER"]
[EventRounds "11"]
[EventType "swiss"]
[EventDate "2023.05.27"]

1. e4 {[%clk 01:15:59]} {[%emt 11:23:29]} e5 {[%clk 01:15:51]} {[%emt
00:00:09]} 2. Nf3 {[%clk 01:16:25]} {[%emt 00:00:04]} Nc6 {[%clk 01:16:13]}
{[%emt 00:00:09]} 3. Bc4 {[%clk 01:16:49]} {[%emt 00:00:06]} Bc5 {[%clk
01:16:29]} {[%emt 00:00:13]} 4. O-O {[%clk 01:15:49]} {[%emt 00:01:29]} Nf6
{[%clk 01:16:11]} {[%emt 00:00:49]} 5. Re1 {[%clk 01:16:10]} {[%emt 00:00:09]}
d6 {[%clk 01:16:21]} {[%emt 00:00:20]} 6. h3 {[%clk 01:16:32]} {[%emt
00:00:07]} h6 {[%clk 01:15:07]} {[%emt 00:01:44]} 7. c3 {[%clk 01:15:27]}
{[%emt 00:01:37]} O-O {[%clk 01:13:10]} {[%emt 00:02:26]} 8. d4 {[%clk
01:09:36]} {[%emt 00:06:21]} exd4 {[%clk 01:09:31]} {[%emt 00:04:09]} 9. cxd4
{[%clk 01:09:31]} {[%emt 00:00:35]} Bb4 {[%clk 01:08:53]} {[%emt 00:01:07]} 10.
Bd2 {[%clk 01:09:34]} {[%emt 00:00:27]} d5 {[%clk 01:01:22]} {[%emt 00:08:02]}
11. Bxb4 {[%clk 01:06:41]} {[%emt 00:03:21]} Nxb4 {[%clk 01:01:01]} {[%emt
00:00:52]} 12. exd5 {[%clk 01:06:20]} {[%emt 00:00:50]} Nbxd5 {[%clk 01:01:06]}
{[%emt 00:00:26]} 13. Nc3 {[%clk 01:01:38]} {[%emt 00:05:12]} Be6 {[%clk
00:58:32]} {[%emt 00:03:02]} 14. Qb3 {[%clk 00:55:18]} {[%emt 00:06:52]} Qd6
{[%clk 00:49:42]} {[%emt 00:09:18]} 15. Rad1 {[%clk 00:44:32]} {[%emt
00:11:18]} c6 {[%clk 00:45:37]} {[%emt 00:04:32]} 16. Ne5 {[%clk 00:42:30]}
{[%emt 00:02:34]} b5 {[%clk 00:43:38]} {[%emt 00:02:30]} 17. Bxd5 {[%clk
00:42:30]} {[%emt 00:00:30]} Nxd5 {[%clk 00:43:39]} {[%emt 00:00:28]} 18. Qc2
{[%clk 00:41:29]} {[%emt 00:01:32]} Nxc3 {[%clk 00:40:56]} {[%emt 00:03:13]}
19. Qxc3 {[%clk 00:41:44]} {[%emt 00:00:15]} Rac8 {[%clk 00:40:44]} {[%emt
00:00:41]} 20. a3 {[%clk 00:38:23]} {[%emt 00:03:53]} Rfd8 {[%clk 00:36:33]}
{[%emt 00:04:39]} 21. Re3 {[%clk 00:34:08]} {[%emt 00:04:46]} c5 {[%clk
00:31:33]} {[%emt 00:05:31]} 22. Red3 {[%clk 00:32:29]} {[%emt 00:02:09]} c4
{[%clk 00:26:02]} {[%emt 00:05:59]} 23. R3d2 {[%clk 00:30:32]} {[%emt
00:02:28]} f6 {[%clk 00:23:03]} {[%emt 00:03:30]} 24. d5 {[%clk 00:26:38]}
{[%emt 00:04:25]} Bf5 {[%clk 00:20:03]} {[%emt 00:03:22]} 25. Nc6 {[%clk
00:23:30]} {[%emt 00:03:46]} Rd7 {[%clk 00:20:11]} {[%emt 00:00:21]} 26. Qf3
{[%clk 00:22:00]} {[%emt 00:01:59]} Bd3 {[%clk 00:14:35]} {[%emt 00:06:05]} 27.
Qe3 {[%clk 00:18:47]} {[%emt 00:03:45]} a5 {[%clk 00:10:59]} {[%emt 00:04:04]}
28. Re1 {[%clk 00:18:29]} {[%emt 00:00:51]} Kf8 {[%clk 00:10:28]} {[%emt
00:01:00]} 29. Na7 {[%clk 00:13:20]} {[%emt 00:05:40]} Rcd8 {[%clk 00:07:37]}
{[%emt 00:03:19]} 30. Nxb5 {[%clk 00:09:16]} {[%emt 00:04:36]} Qxd5 {[%clk
00:07:43]} {[%emt 00:00:24]} 31. Nc3 {[%clk 00:09:02]} {[%emt 00:00:45]} Qb7
{[%clk 00:07:26]} {[%emt 00:00:21]} 32. Qc5+ {[%clk 00:08:11]} {[%emt
00:01:46]} Re7 {[%clk 00:07:29]} {[%emt 00:00:27]} 33. Re3 {[%clk 00:06:50]}
{[%emt 00:01:51]} Qa7 {[%clk 00:06:33]} {[%emt 00:01:23]} 34. Qxa7 {[%clk
00:06:03]} {[%emt 00:01:19]} Rxa7 {[%clk 00:06:48]} {[%emt 00:00:16]} 35. Na4
{[%clk 00:05:55]} {[%emt 00:00:38]} Rc7 {[%clk 00:05:45]} {[%emt 00:01:31]} 36.
f3 {[%clk 00:05:20]} {[%emt 00:01:06]} Re8 {[%clk 00:05:02]} {[%emt 00:01:13]}
37. Rxe8+ {[%clk 00:05:05]} {[%emt 00:00:45]} Kxe8 {[%clk 00:05:09]} {[%emt
00:00:23]} 38. Kf2 {[%clk 00:05:32]} {[%emt 00:00:04]} Re7 {[%clk 00:05:04]}
{[%emt 00:00:32]} 39. Nc5 {[%clk 00:05:38]} {[%emt 00:00:27]} Rc7 {[%clk
00:01:29]} {[%emt 00:04:03]} 40. Nxd3 {[%clk 00:05:30]} {[%emt 00:00:40]} cxd3
{[%clk 00:01:51]} {[%emt 00:00:07]} 41. Rxd3 {[%clk 00:05:24]} {[%emt
00:00:36]} Rc2+ {[%clk 00:02:20]} {[%emt 00:00:01]} 42. Kg3 {[%clk 00:05:52]}
{[%emt 00:00:02]} Rxb2 {[%clk 00:02:39]} {[%emt 00:00:10]} 43. Rd5 {[%clk
00:06:02]} {[%emt 00:00:21]} a4 {[%clk 00:02:46]} {[%emt 00:00:24]} 44. Ra5
{[%clk 00:06:19]} {[%emt 00:00:12]} Ke7 {[%clk 00:03:03]} {[%emt 00:00:12]} 45.
Rxa4 {[%clk 00:06:43]} {[%emt 00:00:06]} Ke6 {[%clk 00:03:22]} {[%emt
00:00:11]} 46. Ra7 {[%clk 00:06:47]} {[%emt 00:00:26]} g6 {[%clk 00:03:10]}
{[%emt 00:00:43]} 47. a4 {[%clk 00:07:07]} {[%emt 00:00:09]} Ra2 {[%clk
00:03:31]} {[%emt 00:00:08]} 48. a5 {[%clk 00:07:29]} {[%emt 00:00:08]} f5
{[%clk 00:03:06]} {[%emt 00:00:55]} 49. a6 {[%clk 00:07:54]} {[%emt 00:00:05]}
Kf6 {[%clk 00:02:48]} {[%emt 00:00:48]} 50. Ra8 {[%clk 00:08:10]} {[%emt
00:00:14]} Kg5 {[%clk 00:02:58]} {[%emt 00:00:17]} 51. a7 {[%clk 00:08:14]}
{[%emt 00:00:29]} f4+ {[%clk 00:02:46]} {[%emt 00:00:42]} 52. Kh2 {[%clk
00:08:00]} {[%emt 00:00:43]} Kh4 {[%clk 00:02:55]} {[%emt 00:00:22]} 53. Rg8
{[%clk 00:07:56]} {[%emt 00:00:34]} Rxa7 {[%clk 00:02:59]} {[%emt 00:00:27]}
54. Rxg6 {[%clk 00:08:19]} {[%emt 00:00:05]} h5 {[%clk 00:03:00]} {[%emt
00:00:28]} 55. Rc6 {[%clk 00:07:57]} {[%emt 00:00:54]} Ra2 {[%clk 00:02:58]}
{[%emt 00:00:32]} 56. Rc4 {[%clk 00:07:54]} {[%emt 00:00:33]} Kg5 {[%clk
00:03:03]} {[%emt 00:00:24]} 57. h4+ {[%clk 00:07:33]} {[%emt 00:00:52]} Kf5
{[%clk 00:02:42]} {[%emt 00:00:49]} 58. Rc5+ {[%clk 00:07:31]} {[%emt
00:00:34]} Kg6 {[%clk 00:02:53]} {[%emt 00:00:17]} 59. Rg5+ {[%clk 00:07:41]}
{[%emt 00:00:22]} Kh6 {[%clk 00:03:01]} {[%emt 00:00:22]} 60. Rc5 {[%clk
00:07:05]} {[%emt 00:01:04]} Kg6 {[%clk 00:02:47]} {[%emt 00:00:41]} 61. Kh3
{[%clk 00:06:56]} {[%emt 00:00:44]} Ra3 {[%clk 00:01:54]} {[%emt 00:01:18]} 62.
Rg5+ {[%clk 00:06:23]} {[%emt 00:01:08]} Kh6 {[%clk 00:02:07]} {[%emt
00:00:17]} 63. Rf5 {[%clk 00:06:40]} {[%emt 00:00:13]} Ra4 {[%clk 00:02:16]}
{[%emt 00:00:20]} 64. g4 {[%clk 00:06:52]} {[%emt 00:00:18]} hxg4+ {[%clk
00:01:26]} {[%emt 00:01:10]} 65. Kxg4 {[%clk 00:07:03]} {[%emt 00:00:30]} Ra1
{[%clk 00:14:54]} {[%emt 00:02:02]} 66. Kxf4 {[%clk 00:21:10]} {[%emt
00:01:22]} Rh1 {[%clk 00:14:45]} {[%emt 00:00:39]} 67. h5 {[%clk 00:20:44]}
{[%emt 00:00:57]} Rh4+ {[%clk 00:14:54]} {[%emt 00:00:22]} 68. Ke5 {[%clk
00:20:18]} {[%emt 00:00:55]} Ra4 {[%clk 00:14:58]} {[%emt 00:00:26]} 69. f4
{[%clk 00:18:45]} {[%emt 00:02:02]} Ra5+ {[%clk 00:15:18]} {[%emt 00:00:12]}
70. Ke4 {[%clk 00:19:01]} {[%emt 00:00:13]} Ra4+ {[%clk 00:15:16]} {[%emt
00:00:32]} 71. Kf3 {[%clk 00:19:01]} {[%emt 00:00:30]} Ra1 {[%clk 00:15:16]}
{[%emt 00:00:29]} 72. Rf8 {[%clk 00:18:29]} {[%emt 00:01:03]} Kxh5 {[%clk
00:15:22]} {[%emt 00:00:23]} 73. f5 {[%clk 00:18:26]} {[%emt 00:00:34]} Kg5
{[%clk 00:15:28]} {[%emt 00:00:22]} 74. Ke2 {[%clk 00:18:15]} {[%emt 00:00:43]}
Ra5 {[%clk 00:15:04]} {[%emt 00:00:55]} 75. f6 {[%clk 00:17:11]} {[%emt
00:01:33]} Rf5 {[%clk 00:15:19]} {[%emt 00:00:15]} 76. f7 {[%clk 00:17:13]}
{[%emt 00:00:28]} Kg6 {[%emt 00:00:52]} 1/2-1/2

[Event "DEM U10 2023"]
[Site "Willingen GER"]
[Date "2023.06.02"]
[Round "9"]
[White "Ishcenko, Volodymyr"]
[Black "Serwane, Ruben"]
[Result "0-1"]
[Termination "normal"]
[Board "17"]
[WhiteElo "1220"]
[BlackElo "1489"]
[WhiteClock "00:01:02"]
[BlackClock "01:10:57"]
[PlyCount "68"]
[WhiteFideId "34660208"]
[BlackFideId "34660232"]
[EventCountry "GER"]
[EventRounds "11"]
[EventType "swiss"]
[EventDate "2023.05.27"]

1. e4 {[%clk 01:15:58]} {[%emt 00:00:01]} e5 {[%clk 01:15:55]} {[%emt
00:00:06]} 2. Nf3 {[%clk 01:16:22]} {[%emt 00:00:06]} Nc6 {[%clk 01:16:18]}
{[%emt 00:00:07]} 3. d4 {[%clk 01:16:39]} {[%emt 00:00:13]} exd4 {[%clk
01:16:38]} {[%emt 00:00:10]} 4. Nxd4 {[%clk 01:17:00]} {[%emt 00:00:08]} Bc5
{[%clk 01:17:03]} {[%emt 00:00:05]} 5. Nb3 {[%clk 01:17:07]} {[%emt 00:00:23]}
Bb6 {[%clk 01:17:17]} {[%emt 00:00:17]} 6. Nc3 {[%clk 01:17:16]} {[%emt
00:00:21]} a5 {[%clk 01:17:37]} {[%emt 00:00:10]} 7. a4 {[%clk 01:17:25]}
{[%emt 00:00:21]} Nb4 {[%clk 01:17:30]} {[%emt 00:00:37]} 8. Bc4 {[%clk
01:17:18]} {[%emt 00:00:37]} h6 {[%clk 01:16:52]} {[%emt 00:01:08]} 9. O-O
{[%clk 01:12:34]} {[%emt 00:05:13]} d6 {[%clk 00:00:00]} {[%emt 00:08:19]} 10.
Nb5 {[%clk 01:00:40]} {[%emt 00:07:57]} Nf6 {[%clk 01:18:10]} {[%emt 00:01:04]}
11. c3 {[%clk 01:00:16]} {[%emt 00:00:54]} Nc6 {[%clk 01:18:29]} {[%emt
00:00:09]} 12. Qe2 {[%clk 00:59:42]} {[%emt 00:01:06]} Ne5 {[%clk 01:18:33]}
{[%emt 00:00:25]} 13. Bd3 {[%clk 00:57:37]} {[%emt 00:02:35]} Bg4 {[%clk
01:18:44]} {[%emt 00:00:19]} 14. Qc2 {[%clk 00:55:38]} {[%emt 00:01:54]} Qd7
{[%clk 01:18:29]} {[%emt 00:01:20]} 15. Be2 {[%clk 00:52:30]} {[%emt 00:03:39]}
Bh3 {[%clk 01:17:47]} {[%emt 00:01:11]} 16. gxh3 {[%clk 00:37:57]} {[%emt
00:15:04]} Qxh3 {[%clk 01:18:09]} {[%emt 00:00:08]} 17. Bf4 {[%clk 00:37:57]}
{[%emt 00:00:31]} g5 {[%clk 01:18:15]} {[%emt 00:00:23]} 18. Bxe5 {[%clk
00:35:15]} {[%emt 00:03:12]} dxe5 {[%clk 01:16:52]} {[%emt 00:01:53]} 19. Qd3
{[%clk 00:34:48]} {[%emt 00:00:57]} Qh4 {[%clk 01:16:19]} {[%emt 00:01:02]} 20.
Qg3 {[%clk 00:26:03]} {[%emt 00:09:06]} Rg8 {[%clk 01:16:27]} {[%emt 00:00:31]}
21. Qxe5+ {[%clk 00:25:40]} {[%emt 00:00:53]} Kf8 {[%clk 01:16:43]} {[%emt
00:00:14]} 22. Qxf6 {[%clk 00:25:35]} {[%emt 00:00:34]} Rg6 {[%clk 01:16:37]}
{[%emt 00:00:36]} 23. Qf3 {[%clk 00:23:33]} {[%emt 00:02:30]} g4 {[%clk
01:16:23]} {[%emt 00:00:48]} 24. Qg3 {[%clk 00:23:22]} {[%emt 00:00:36]} Qf6
{[%clk 01:15:19]} {[%emt 00:01:37]} 25. Nxc7 {[%clk 00:14:41]} {[%emt
00:09:12]} h5 {[%clk 01:14:32]} {[%emt 00:01:17]} 26. Nb5 {[%clk 00:08:36]}
{[%emt 00:06:25]} Rd8 {[%clk 01:13:14]} {[%emt 00:01:59]} 27. Rad1 {[%clk
00:07:37]} {[%emt 00:01:23]} h4 {[%clk 01:12:54]} {[%emt 00:00:56]} 28. Rxd8+
{[%clk 00:07:21]} {[%emt 00:00:47]} Qxd8 {[%clk 01:13:01]} {[%emt 00:00:22]}
29. Qd3 {[%clk 00:06:12]} {[%emt 00:01:29]} Qe7 {[%emt 00:02:54]} 30. Rd1
{[%clk 00:04:23]} g3 {[%clk 01:11:41]} {[%emt 00:01:54]} 31. hxg3 {[%clk
00:03:11]} {[%emt 00:01:42]} hxg3 {[%clk 01:11:43]} {[%emt 00:00:28]} 32. N3d4
{[%clk 00:01:41]} {[%emt 00:02:00]} Qh4 {[%clk 01:10:13]} {[%emt 00:02:00]} 33.
Bf3 {[%clk 00:00:46]} {[%emt 00:01:26]} Qh2+ {[%clk 01:10:34]} {[%emt
00:00:09]} 34. Kf1 {[%clk 00:01:02]} {[%emt 00:00:14]} Qxf2# {[%clk 01:10:57]}
{[%emt 00:00:06]} 0-1

[Event "DEM U10 2023"]
[Site "Willingen GER"]
[Date "2023.06.02"]
[Round "9"]
[White "Wettstein, Levin"]
[Black "Gendzelevsky, Stefan"]
[Result "0-1"]
[Termination "normal"]
[Board "18"]
[WhiteElo "1416"]
[BlackElo "1442"]
[WhiteClock "00:29:24"]
[BlackClock "00:09:38"]
[PlyCount "144"]
[WhiteFideId "34635866"]
[BlackFideId "34637672"]
[EventCountry "GER"]
[EventRounds "11"]
[EventType "swiss"]
[EventDate "2023.05.27"]

1. e4 {[%clk 01:15:59]} e6 {[%clk 01:15:56]} {[%emt 00:00:04]} 2. d4 {[%clk
01:16:22]} {[%emt 00:00:07]} d5 {[%clk 01:16:21]} {[%emt 00:00:05]} 3. exd5
{[%clk 01:16:46]} {[%emt 00:00:06]} exd5 {[%clk 01:16:46]} {[%emt 00:00:05]} 4.
Nf3 {[%clk 01:17:08]} {[%emt 00:00:09]} Bd6 {[%clk 01:17:10]} {[%emt 00:00:05]}
5. c4 {[%clk 01:17:28]} {[%emt 00:00:10]} c6 {[%clk 01:17:08]} {[%emt
00:00:33]} 6. c5 {[%clk 01:17:51]} {[%emt 00:00:07]} Bc7 {[%clk 01:17:29]}
{[%emt 00:00:09]} 7. Bd3 {[%clk 01:17:24]} {[%emt 00:00:57]} Ne7 {[%clk
01:17:30]} {[%emt 00:00:28]} 8. O-O {[%clk 01:16:48]} {[%emt 00:01:06]} O-O
{[%clk 01:17:48]} {[%emt 00:00:13]} 9. Qc2 {[%clk 01:12:40]} {[%emt 00:04:38]}
Ng6 {[%clk 01:17:47]} {[%emt 00:00:31]} 10. Bg5 {[%clk 01:08:05]} {[%emt
00:05:05]} Qe8 {[%clk 01:02:59]} {[%emt 00:15:18]} 11. Re1 {[%clk 01:02:25]}
{[%emt 00:06:11]} Be6 {[%clk 01:03:18]} {[%emt 00:00:10]} 12. h4 {[%clk
00:50:06]} {[%emt 00:12:50]} h6 {[%clk 01:02:34]} {[%emt 00:01:14]} 13. h5
{[%clk 00:47:27]} {[%emt 00:03:09]} Ne7 {[%clk 00:55:58]} {[%emt 00:07:06]} 14.
Bxe7 {[%clk 00:44:21]} {[%emt 00:03:36]} Qxe7 {[%clk 00:56:09]} {[%emt
00:00:18]} 15. Bf5 {[%clk 00:42:55]} {[%emt 00:01:57]} Nd7 {[%clk 00:49:31]}
{[%emt 00:07:09]} 16. Qe2 {[%clk 00:37:01]} {[%emt 00:06:24]} Rae8 {[%clk
00:47:27]} {[%emt 00:02:33]} 17. Bc2 {[%clk 00:34:52]} {[%emt 00:02:40]} Nf6
{[%clk 00:46:11]} {[%emt 00:01:46]} 18. Qd3 {[%clk 00:33:59]} {[%emt 00:01:23]}
Ne4 {[%clk 00:41:42]} {[%emt 00:04:58]} 19. Nfd2 {[%clk 00:31:20]} {[%emt
00:03:10]} Qd7 {[%clk 00:34:01]} {[%emt 00:08:10]} 20. f3 {[%clk 00:30:08]}
{[%emt 00:01:43]} Nf6 {[%clk 00:31:23]} {[%emt 00:03:08]} 21. Nc3 {[%clk
00:28:46]} {[%emt 00:01:53]} Bf4 {[%clk 00:26:49]} {[%emt 00:05:03]} 22. g3
{[%clk 00:27:12]} {[%emt 00:02:05]} Bf5 {[%clk 00:24:00]} {[%emt 00:03:18]} 23.
Qxf5 {[%clk 00:26:26]} {[%emt 00:01:16]} Qxf5 {[%clk 00:24:18]} {[%emt
00:00:11]} 24. Bxf5 {[%clk 00:26:51]} {[%emt 00:00:05]} Bxd2 {[%clk 00:24:40]}
{[%emt 00:00:09]} 25. Rxe8 {[%clk 00:26:42]} {[%emt 00:00:39]} Rxe8 {[%clk
00:25:04]} {[%emt 00:00:06]} 26. Rd1 {[%clk 00:26:53]} {[%emt 00:00:19]} Be3+
{[%clk 00:23:49]} {[%emt 00:01:44]} 27. Kg2 {[%clk 00:26:56]} {[%emt 00:00:27]}
Rd8 {[%clk 00:09:20]} {[%emt 00:14:59]} 28. g4 {[%clk 00:25:52]} {[%emt
00:01:34]} Bf4 {[%clk 00:09:15]} {[%emt 00:00:34]} 29. Ne2 {[%clk 00:22:52]}
{[%emt 00:03:32]} Bc7 {[%clk 00:09:17]} {[%emt 00:00:26]} 30. b4 {[%clk
00:21:46]} {[%emt 00:01:37]} Re8 {[%clk 00:09:07]} {[%emt 00:00:40]} 31. Kf2
{[%clk 00:21:18]} {[%emt 00:00:59]} a6 {[%clk 00:09:15]} {[%emt 00:00:21]} 32.
Re1 {[%clk 00:20:24]} {[%emt 00:01:24]} Kf8 {[%clk 00:09:04]} {[%emt 00:00:42]}
33. Nc3 {[%clk 00:20:29]} {[%emt 00:00:25]} Bg3+ {[%clk 00:07:45]} {[%emt
00:01:49]} 34. Kxg3 {[%clk 00:20:22]} {[%emt 00:00:37]} Rxe1 {[%clk 00:08:08]}
{[%emt 00:00:06]} 35. Bc8 {[%clk 00:20:26]} {[%emt 00:00:27]} Re7 {[%clk
00:07:55]} {[%emt 00:00:42]} 36. Bf5 {[%clk 00:20:33]} {[%emt 00:00:23]} Ke8
{[%clk 00:07:17]} {[%emt 00:01:07]} 37. Na4 {[%clk 00:20:16]} {[%emt 00:00:49]}
Kd8 {[%clk 00:06:50]} {[%emt 00:00:55]} 38. Nb6 {[%clk 00:20:17]} {[%emt
00:00:30]} Re2 {[%clk 00:06:17]} {[%emt 00:01:02]} 39. a4 {[%clk 00:19:59]}
{[%emt 00:00:50]} Rb2 {[%clk 00:06:20]} {[%emt 00:00:25]} 40. b5 {[%clk
00:20:04]} {[%emt 00:00:27]} axb5 {[%clk 00:06:12]} {[%emt 00:00:36]} 41. axb5
{[%clk 00:20:26]} {[%emt 00:00:09]} Rxb5 {[%clk 00:06:32]} {[%emt 00:00:11]}
42. f4 {[%clk 00:20:22]} {[%emt 00:00:34]} Rb4 {[%clk 00:06:11]} {[%emt
00:00:43]} 43. g5 {[%clk 00:20:17]} {[%emt 00:00:43]} hxg5 {[%clk 00:04:30]}
{[%emt 00:02:09]} 44. fxg5 {[%clk 00:20:37]} {[%emt 00:00:12]} Nxh5+ {[%clk
00:04:26]} {[%emt 00:00:32]} 45. Kh4 {[%clk 00:20:47]} {[%emt 00:00:21]} g6
{[%clk 00:04:43]} {[%emt 00:00:12]} 46. Bg4 {[%clk 00:20:56]} {[%emt 00:00:22]}
Rxd4 {[%clk 00:04:53]} {[%emt 00:00:20]} 47. Kh3 {[%clk 00:21:19]} {[%emt
00:00:08]} Nf4+ {[%clk 00:03:46]} {[%emt 00:01:36]} 48. Kg3 {[%clk 00:21:36]}
{[%emt 00:00:14]} Nd3 {[%clk 00:03:39]} {[%emt 00:00:36]} 49. Be2 {[%clk
00:21:50]} {[%emt 00:00:17]} Nxc5 {[%clk 00:03:44]} {[%emt 00:00:25]} 50. Kf3
{[%clk 00:22:03]} {[%emt 00:00:17]} Rb4 {[%clk 00:03:53]} {[%emt 00:00:20]} 51.
Nxd5 {[%clk 00:21:59]} {[%emt 00:00:36]} cxd5 {[%clk 00:04:08]} {[%emt
00:00:14]} 52. Ke3 {[%clk 00:22:22]} {[%emt 00:00:08]} Re4+ {[%clk 00:04:26]}
{[%emt 00:00:12]} 53. Kd2 {[%clk 00:22:43]} {[%emt 00:00:09]} Rxe2+ {[%clk
00:04:39]} {[%emt 00:00:16]} 54. Kxe2 {[%clk 00:23:09]} {[%emt 00:00:05]} Kd7
{[%clk 00:04:41]} {[%emt 00:00:28]} 55. Kd1 {[%emt 00:00:25]} Ne4 {[%clk
00:04:54]} 56. Ke2 {[%clk 00:23:49]} {[%emt 00:00:11]} Nxg5 {[%clk 00:05:17]}
{[%emt 00:00:06]} 57. Kd1 {[%clk 00:24:13]} {[%emt 00:00:07]} Ke6 {[%clk
00:05:38]} {[%emt 00:00:08]} 58. Ke2 {[%clk 00:24:34]} {[%emt 00:00:11]} b5
{[%clk 00:06:01]} {[%emt 00:00:06]} 59. Kd2 {[%clk 00:24:56]} {[%emt 00:00:08]}
Ke5 {[%clk 00:06:23]} {[%emt 00:00:08]} 60. Ke2 {[%clk 00:25:18]} {[%emt
00:00:08]} Ke4 {[%clk 00:05:53]} {[%emt 00:01:00]} 61. Kd2 {[%clk 00:25:07]}
{[%emt 00:00:41]} Kd4 {[%clk 00:06:17]} {[%emt 00:00:07]} 62. Kd1 {[%clk
00:25:30]} {[%emt 00:00:07]} Kd3 {[%clk 00:06:40]} {[%emt 00:00:07]} 63. Kc1
{[%clk 00:25:52]} {[%emt 00:00:08]} Ke2 {[%clk 00:07:01]} {[%emt 00:00:08]} 64.
Kb2 {[%clk 00:26:16]} {[%emt 00:00:07]} d4 {[%clk 00:07:24]} {[%emt 00:00:08]}
65. Ka3 {[%clk 00:26:40]} {[%emt 00:00:06]} d3 {[%clk 00:07:47]} {[%emt
00:00:06]} 66. Ka2 {[%clk 00:27:06]} {[%emt 00:00:04]} d2 {[%clk 00:08:08]}
{[%emt 00:00:09]} 67. Ka3 {[%clk 00:27:32]} {[%emt 00:00:04]} d1=Q {[%clk
00:08:30]} {[%emt 00:00:08]} 68. Kb2 {[%clk 00:27:49]} {[%emt 00:00:13]} Qd3
{[%clk 00:08:35]} {[%emt 00:00:24]} 69. Ka1 {[%clk 00:28:07]} {[%emt 00:00:13]}
Qd2 {[%clk 00:08:54]} {[%emt 00:00:10]} 70. Kb1 {[%clk 00:28:32]} {[%emt
00:00:06]} Kd3 {[%clk 00:09:20]} {[%emt 00:00:04]} 71. Ka1 {[%clk 00:28:57]}
{[%emt 00:00:05]} Kc3 {[%clk 00:09:45]} {[%emt 00:00:05]} 72. Kb1 {[%clk
00:29:24]} {[%emt 00:00:04]} Qb2# {[%clk 00:09:38]} {[%emt 00:00:06]} 0-1

[Event "DEM U10 2023"]
[Site "Willingen GER"]
[Date "2023.06.02"]
[Round "9"]
[White "Pawlak, Antoni"]
[Black "Moskalenko, Michael"]
[Result "1-0"]
[Termination "normal"]
[Board "19"]
[WhiteElo "1323"]
[BlackElo "1243"]
[WhiteClock "00:47:44"]
[BlackClock "00:22:56"]
[PlyCount "37"]
[WhiteFideId "34605460"]
[BlackFideId "34608877"]
[EventCountry "GER"]
[EventRounds "11"]
[EventType "swiss"]
[EventDate "2023.05.27"]

1. e4 {[%clk 01:15:58]} {[%emt 00:00:01]} d5 {[%clk 01:15:55]} {[%emt
00:00:05]} 2. exd5 {[%clk 01:16:23]} {[%emt 00:00:05]} Nf6 {[%clk 01:16:18]}
{[%emt 00:00:08]} 3. Bb5+ {[%clk 01:16:47]} {[%emt 00:00:05]} Bd7 {[%clk
01:11:58]} {[%emt 00:04:50]} 4. Be2 {[%clk 01:17:07]} {[%emt 00:00:10]} Nxd5
{[%clk 01:11:54]} {[%emt 00:00:34]} 5. Nf3 {[%clk 01:17:19]} {[%emt 00:00:18]}
g6 {[%clk 01:10:19]} {[%emt 00:02:05]} 6. d4 {[%clk 01:17:19]} {[%emt
00:00:30]} Bg7 {[%clk 01:10:10]} {[%emt 00:00:40]} 7. c4 {[%clk 01:17:10]}
{[%emt 00:00:39]} Nb6 {[%clk 01:10:11]} {[%emt 00:00:29]} 8. Nc3 {[%clk
01:14:22]} {[%emt 00:03:17]} O-O {[%clk 01:09:59]} {[%emt 00:00:42]} 9. O-O
{[%clk 01:14:04]} {[%emt 00:00:48]} e6 {[%clk 01:01:29]} {[%emt 00:09:00]} 10.
Bf4 {[%clk 01:12:15]} {[%emt 00:02:07]} a6 {[%clk 00:54:04]} {[%emt 00:08:08]}
11. Qd2 {[%clk 01:08:35]} {[%emt 00:04:10]} Re8 {[%clk 00:49:38]} {[%emt
00:04:56]} 12. Rad1 {[%emt 00:04:54]} Nc6 {[%clk 00:46:53]} {[%emt 00:03:13]}
13. Bh6 {[%clk 01:01:42]} {[%emt 00:03:00]} Bh8 {[%clk 00:39:15]} {[%emt
00:08:09]} 14. Qf4 {[%clk 00:55:44]} {[%emt 00:06:13]} e5 {[%clk 00:29:16]}
{[%emt 00:10:44]} 15. dxe5 {[%clk 00:53:20]} {[%emt 00:02:55]} Nxe5 {[%clk
00:28:33]} {[%emt 00:01:12]} 16. c5 {[%clk 00:52:03]} {[%emt 00:01:44]} Nc8
{[%clk 00:26:58]} {[%emt 00:02:08]} 17. Ng5 {[%clk 00:49:20]} {[%emt 00:03:11]}
f6 {[%clk 00:23:32]} {[%emt 00:03:58]} 18. Bc4+ {[%clk 00:47:27]} {[%emt
00:02:22]} Nxc4 {[%clk 00:22:56]} {[%emt 00:01:06]} 19. Qxc4+ {[%clk 00:47:44]}
{[%emt 00:00:14]} 1-0